00368 a2200109 4500001001000000005001700010008004100027245008600068100002000154773006700174999001700241ART_1873720260410161920.0260409a 10aLa inscripción y cancelación de responsables en el impuesto al valor agregado1 aGaffuri, Silvia0 tLa informacióng- Tomo XXXVII, Nº 578 (feb. 1978)wREV14902 c27592d27592